[Event "GER-chT U10"]
[Site "Magdeburg"]
[Date "2018.12.27"]
[Round "2.3"]
[White "Elgeti, Jonas"]
[Black "Uplegger, Pawel Elias"]
[Result "1-0"]
[WhiteElo "1234"]
[BlackElo "967"]
[PlyCount "95"]
[EventDate "2018.12.27"]
[EventType "team-swiss"]
[EventRounds "7"]
[EventCountry "GER"]
[SourceTitle "CBM 188 Extra"]
[Source "ChessBase"]
[SourceDate "2019.02.26"]
[SourceVersion "1"]
[SourceVersionDate "2019.02.26"]
[SourceQuality "1"]
[WhiteTeam "Bemerode"]
[BlackTeam "Kreuzberg"]
[WhiteTeamCountry "GER"]
[BlackTeamCountry "GER"]

1. d4 d5 2. c4 e6 3. Nc3 Nf6 4. Nf3 Bb4 5. Qb3 Nc6 6. a3 Ba5 7. Qc2 b6 8. b4 Bxb4 9. axb4 Nxb4 10. Qa4+ Qd7 11. Qxb4 Bb7 12. Ne5 Qd8 13. Bg5 Qd6 14. Qxd6 cxd6 15. Bxf6 gxf6 16. Nf3 dxc4 17. e4 d5 18. e5 fxe5 19. Nxe5 f6 20. Ng4 Rf8 21. Kd2 Bc6 22. g3 a5 23. Bg2 b5 24. Rhe1 Kd8 25. Rxe6 Bd7 26. Rxf6 Rxf6 27. Nxf6 Bc6 28. Ncxd5 h6 29. Bh3 Bxd5 30. Nxd5 Ke8 31. Nc7+ Ke7 32. Nxa8 a4 33. f4 Kf6 34. g4 Kg6 35. Re1 h5 36. g5 h4 37. Re6+ Kg7 38. f5 Kf7 39. Nc7 b4 40. Ne8 a3 41. g6+ Kf8 42. g7+ Kg8 43. Rh6 a2 44. Rh8+ Kf7 45. g8Q+ Ke7 46. Qe6+ Kd8 47. Rh7 a1Q 48. Qd7# 1-0